[Event "Open Mediterranean 2013"]
[Site "Rijeka (CRO)"]
[Date "2007.11.25"]
[Round "1.52"]
[White "Dubrovic, Romuald"]
[Black "Coimbra, Margarida"]
[Result "0-1"]
[WhiteElo "1600"]
[BlackElo "2124"]
[PlyCount "92"]
[EventDate "2007.11.25"]
[EventType "swiss"]
[EventRounds "9"]
[EventCountry "CRO"]
[Source "lmi"]
[SourceDate "2007.11.25"]

1. e4 e5 2. Nc3 Nf6 3. Nf3 Nc6 4. Bc4 Nxe4 5. Nxe4 d5 6. Qe2 dxc4 7. Qxc4 Be6
8. Qc3 Bb4 9. Qe3 O-O 10. O-O Nd4 11. Nxd4 exd4 12. Qg3 Bf5 13. Ng5 Bd6 14. Qh4
Be7 15. d3 h6 16. Qf4 Bxd3 17. cxd3 Bxg5 18. Qe4 b6 19. Bxg5 hxg5 20. Rac1 c5
21. Rfe1 Re8 22. Qg4 Qd5 23. Rxe8+ Rxe8 24. b3 Qe5 25. Qd1 Qe2 26. a4 Qxd1+ 27.
Rxd1 Re2 28. Rb1 Rd2 29. g3 Rxd3 30. Re1 Rxb3 31. Re5 f6 32. Re7 d3 33. Rxa7 d2
34. Rd7 Rb1+ 35. Kg2 d1=Q 36. Rxd1 Rxd1 37. Kf3 c4 38. Ke2 Rd7 39. Ke3 c3 40.
Ke4 c2 41. Kf5 c1=Q 42. Ke6 Qc6+ 43. Kf5 Qf3+ 44. Kg6 Qe4+ 45. Kh5 g6+ 46. Kh6
Rh7# 0-1

[Event "Open Mediterranean 2013"]
[Site "Rijeka (CRO)"]
[Date "2007.11.25"]
[Round "1.53"]
[White "Padjen, Zdenko"]
[Black "Hamzic, Abid"]
[Result "1-0"]
[WhiteElo "2124"]
[BlackElo "1600"]
[PlyCount "91"]
[EventDate "2007.11.25"]
[EventType "swiss"]
[EventRounds "9"]
[EventCountry "CRO"]
[Source "lmi"]
[SourceDate "2007.11.25"]

1. e4 e5 2. Nf3 Nc6 3. Bb5 Nge7 4. c3 a6 5. Ba4 g6 6. O-O Bg7 7. d4 exd4 8.
cxd4 O-O 9. h3 d6 10. Nc3 Bd7 11. Re1 f6 12. Bb3+ Kh8 13. d5 Ne5 14. Nd4 Qc8
15. f4 Nf7 16. Ne6 Bxe6 17. dxe6 Nd8 18. Nd5 Re8 19. Nxe7 Rxe7 20. f5 Nc6 21.
Bf4 Qf8 22. Bd5 Nd8 23. Qd2 g5 24. Bh2 Qe8 25. Rac1 Qb5 26. Re3 Rb8 27. Rb3 Qe8
28. g4 Bf8 29. Qd4 Kg7 30. Qa7 Rc8 31. Bxb7 Nxb7 32. Qxb7 c6 33. Qxa6 Rec7 34.
Rb7 Kh8 35. Rxc7 Rxc7 36. b4 Be7 37. b5 c5 38. Bxd6 Qd8 39. Rd1 c4 40. Qb6 Bxd6
41. Rxd6 Qe7 42. Rc6 Rb7 43. Qc5 c3 44. Qxe7 Rxe7 45. Rxc3 Rb7 46. a4 1-0

[Event "Open Mediterranean 2013"]
[Site "Rijeka (CRO)"]
[Date "2007.11.25"]
[Round "1.54"]
[White "Huskic, Arif"]
[Black "Pejic, Irving"]
[Result "0-1"]
[WhiteElo "1600"]
[BlackElo "2121"]
[PlyCount "66"]
[EventDate "2007.11.25"]
[EventType "swiss"]
[EventRounds "9"]
[EventCountry "CRO"]
[Source "lmi"]
[SourceDate "2007.11.25"]

1. d4 d5 2. e3 Nf6 3. Bd3 Bg4 4. Nf3 e6 5. Nbd2 Bd6 6. O-O O-O 7. c3 c5 8. h3
Bh5 9. b3 Nc6 10. Bb2 Rc8 11. Be2 Qe7 12. a4 cxd4 13. Nxd4 Bg6 14. N2f3 Nxd4
15. Nxd4 Rfd8 16. Rc1 a6 17. Bd3 Ba3 18. Bxa3 Qxa3 19. Bxg6 hxg6 20. Ra1 Qb2
21. Ne2 Ne4 22. Rb1 Qa3 23. Ra1 Qe7 24. Rc1 Rd7 25. f3 Nd6 26. Qd3 b5 27. Ra1
Qd8 28. Rfc1 Qb6 29. Kh1 bxa4 30. bxa4 Rc4 31. a5 Qc7 32. f4 Ne4 33. g3 Nf2+
0-1

[Event "Open Mediterranean 2013"]
[Site "Rijeka (CRO)"]
[Date "2007.11.25"]
[Round "1.55"]
[White "Juranic, Bruno"]
[Black "Premuzic, Zoran"]
[Result "1-0"]
[WhiteElo "2120"]
[BlackElo "1600"]
[PlyCount "71"]
[EventDate "2007.11.25"]
[EventType "swiss"]
[EventRounds "9"]
[EventCountry "CRO"]
[Source "lmi"]
[SourceDate "2007.11.25"]

1. e4 d5 2. exd5 Qxd5 3. Nc3 Qd6 4. d4 c6 5. Bc4 Nf6 6. Nf3 Bg4 7. Be3 e6 8. h3
Bh5 9. g4 Bg6 10. Ne5 Nbd7 11. f4 Ne4 12. Nxg6 Nxc3 13. Qd3 hxg6 14. Qxc3 Nb6
15. O-O-O Qb4 16. Qxb4 Bxb4 17. Bb3 Nd5 18. Bxd5 cxd5 19. Rd3 Bd6 20. Bd2 Rc8
21. Rf1 f5 22. gxf5 gxf5 23. a4 Rc4 24. a5 Bb4 25. b3 Bxd2+ 26. Kxd2 Rc6 27.
Rg3 Kf7 28. Rfg1 Rh7 29. Kd3 g6 30. c4 Rh4 31. c5 Rxf4 32. Rxg6 Rf3+ 33. Kc2
Rxh3 34. Rg7+ Kf8 35. b4 b6 36. b5 1-0

[Event "Open Mediterranean 2013"]
[Site "Rijeka (CRO)"]
[Date "2007.11.25"]
[Round "1.56"]
[White "Zelenika, Marko"]
[Black "Poropat, Marijan"]
[Result "0-1"]
[WhiteElo "1600"]
[BlackElo "2120"]
[PlyCount "52"]
[EventDate "2007.11.25"]
[EventType "swiss"]
[EventRounds "9"]
[EventCountry "CRO"]
[Source "lmi"]
[SourceDate "2007.11.25"]

1. e4 d6 2. Bb5+ c6 3. Bc4 Nf6 4. Qf3 Bg4 5. Qf4 e5 6. Qg5 Nbd7 7. h3 Bh5 8. g4
Bg6 9. h4 Bxe4 10. h5 Bxh1 11. Qf5 g6 12. hxg6 hxg6 13. Qd3 Be4 14. Qb3 d5 15.
Bd3 Nc5 16. Qc3 d4 17. Qc4 b5 18. Qb4 Bxd3 19. cxd3 Nxd3+ 20. Kd1 Nxb4 21. d3
Rh1 22. a3 Rxg1+ 23. Kd2 Ne4+ 24. Ke2 Qf6 25. Be3 dxe3 26. Kxe3 Re1# 0-1

[Event "Open Mediterranean 2013"]
[Site "Rijeka (CRO)"]
[Date "2007.11.26"]
[Round "2.1"]
[White "Zelic, Mladen"]
[Black "Sedlak, Nikola"]
[Result "0-1"]
[WhiteElo "2286"]
[BlackElo "2605"]
[PlyCount "98"]
[EventDate "2007.11.25"]
[EventType "swiss"]
[EventRounds "9"]
[EventCountry "CRO"]
[Source "lmi"]
[SourceDate "2007.11.25"]

1. e4 c5 2. d4 cxd4 3. c3 d3 4. Bxd3 Nc6 5. Be3 d5 6. Nd2 Nf6 7. Ngf3 e5 8. O-O
Be7 9. exd5 Nxd5 10. Nc4 Nxe3 11. fxe3 Qd5 12. e4 Qc5+ 13. Kh1 a5 14. Qe1 Be6
15. Ne3 O-O 16. Nf5 Rfd8 17. Rd1 Bf6 18. Qg3 Bxf5 19. exf5 Qe3 20. Rfe1 Rxd3
21. Rxe3 Rxd1+ 22. Re1 Rad8 23. Kg1 e4 24. Rxd1 Rxd1+ 25. Ne1 Ne5 26. Kf1 Rb1
27. Ke2 Rxb2+ 28. Ke3 h5 29. h4 Ng4+ 30. Kxe4 Re2+ 31. Kd3 Re3+ 32. Qxe3 Nxe3
33. Kxe3 Bxc3 34. Nf3 b5 35. Ke4 Kf8 36. Kd5 Ke7 37. Ng5 Be1 38. Kc5 b4 39. Kb5
Kf6 40. Nf3 Bc3 41. Kc4 Kxf5 42. Ng5 f6 43. Nf7 Kg4 44. a4 bxa3 45. Kxc3 Kxh4
46. Nd6 Kg3 47. Nf5+ Kxg2 48. Nxg7 h4 49. Nh5 Kh3 0-1

[Event "Open Mediterranean 2013"]
[Site "Rijeka (CRO)"]
[Date "2007.11.26"]
[Round "2.3"]
[White "Villeneuve, Alain"]
[Black "Chatalbashev, Boris"]
[Result "1/2-1/2"]
[WhiteElo "2276"]
[BlackElo "2581"]
[PlyCount "60"]
[EventDate "2007.11.25"]
[EventType "swiss"]
[EventRounds "9"]
[EventCountry "CRO"]
[Source "lmi"]
[SourceDate "2007.11.25"]

1. d4 Nf6 2. c4 e6 3. Nc3 Bb4 4. e3 b6 5. Bd3 Bb7 6. Nf3 Ne4 7. O-O Bxc3 8.
bxc3 O-O 9. Ne1 f5 10. f3 Ng5 11. a4 Nc6 12. Ra2 Na5 13. Ba3 Rf6 14. Bb4 Nc6
15. a5 bxa5 16. Bxa5 d6 17. d5 Nxa5 18. Rxa5 c6 19. Qa4 Qb6 20. Nc2 cxd5 21.
Nd4 dxc4 22. Rb1 Qc7 23. Bxc4 d5 24. Rxa7 Rxa7 25. Qxa7 Rf7 26. Nb5 Qxc4 27.
Nd6 Qd3 28. Rxb7 Qd1+ 29. Kf2 Qd2+ 30. Kf1 Qd1+ 1/2-1/2

[Event "Open Mediterranean 2013"]
[Site "Rijeka (CRO)"]
[Date "2007.11.26"]
[Round "2.4"]
[White "Palac, Mladen"]
[Black "Paljusaj, Edmond"]
[Result "1-0"]
[WhiteElo "2567"]
[BlackElo "2272"]
[PlyCount "69"]
[EventDate "2007.11.25"]
[EventType "swiss"]
[EventRounds "9"]
[EventCountry "CRO"]
[Source "lmi"]
[SourceDate "2007.11.25"]

1. e4 c5 2. Nf3 Nc6 3. Bb5 g6 4. Bxc6 dxc6 5. d3 Bg4 6. h3 Bxf3 7. Qxf3 Bg7 8.
O-O Nf6 9. a4 a5 10. Na3 Nd7 11. Qd1 e5 12. Nc4 Nb6 13. Nxb6 Qxb6 14. Be3 Qa7
15. c3 b6 16. b4 cxb4 17. cxb4 O-O 18. Qc2 Rfc8 19. Rfb1 Rab8 20. bxa5 Qxa5 21.
Qb3 c5 22. Qc4 Bf8 23. Rb5 Qa7 24. h4 Qd7 25. Qb3 Bd6 26. Rxb6 Rxb6 27. Qxb6
Be7 28. a5 Qxd3 29. a6 Qd6 30. Qxd6 Bxd6 31. a7 Ra8 32. Rd1 Bf8 33. Rd7 Kg7 34.
g4 Kf6 35. Rd8 1-0

[Event "Open Mediterranean 2013"]
[Site "Rijeka (CRO)"]
[Date "2007.11.26"]
[Round "2.5"]
[White "Pandurevic, Miro"]
[Black "Kovacevic, Aleksandar"]
[Result "0-1"]
[WhiteElo "2270"]
[BlackElo "2554"]
[PlyCount "76"]
[EventDate "2007.11.25"]
[EventType "swiss"]
[EventRounds "9"]
[EventCountry "CRO"]
[Source "lmi"]
[SourceDate "2007.11.25"]

1. b4 d5 2. Bb2 Bg4 3. Nf3 Nd7 4. e3 e5 5. Be2 Bd6 6. a3 Ngf6 7. d4 e4 8. Ne5
Bxe2 9. Qxe2 O-O 10. c4 c6 11. Nd2 Re8 12. Nxd7 Nxd7 13. c5 Bc7 14. a4 f5 15.
g3 Nf6 16. Nb3 Qd7 17. Bc3 Kf7 18. b5 g5 19. h4 h6 20. Ba5 f4 21. hxg5 hxg5 22.
gxf4 gxf4 23. O-O-O f3 24. Qf1 b6 25. Bc3 cxb5 26. axb5 Rh8 27. c6 Qg4 28. Rg1
Qh3 29. Qe1 a6 30. bxa6 Rxa6 31. Kb2 Qe6 32. Ra1 Rxa1 33. Qxa1 Qxc6 34. Rc1 Qa8
35. Be1 Qxa1+ 36. Nxa1 Bd8 37. Rc6 Rh2 38. Nc2 Ng4 0-1

[Event "Open Mediterranean 2013"]
[Site "Rijeka (CRO)"]
[Date "2007.11.26"]
[Round "2.6"]
[White "Cebalo, Miso"]
[Black "Muslija, Idris"]
[Result "1-0"]
[WhiteElo "2550"]
[BlackElo "2251"]
[PlyCount "55"]
[EventDate "2007.11.25"]
[EventType "swiss"]
[EventRounds "9"]
[EventCountry "CRO"]
[Source "lmi"]
[SourceDate "2007.11.25"]

1. d4 d5 2. c4 c6 3. Nf3 Nf6 4. Nc3 e6 5. Bg5 Nbd7 6. e3 Be7 7. Qc2 Ne4 8. Bxe7
Qxe7 9. Bd3 f5 10. a3 O-O 11. Ne2 Kh8 12. Rc1 Qf6 13. h4 Qh6 14. b4 Ndf6 15.
Nf4 Ng4 16. Bxe4 fxe4 17. Ng5 Bd7 18. Qe2 e5 19. dxe5 Nxe5 20. cxd5 cxd5 21.
Rc5 Rac8 22. Rxd5 Rc1+ 23. Rd1 Bg4 24. f3 exf3 25. gxf3 Qc6 26. O-O Rc2 27. b5
Qc5 28. Rd5 1-0

[Event "Open Mediterranean 2013"]
[Site "Rijeka (CRO)"]
[Date "2007.11.26"]
[Round "2.8"]
[White "Cvitan, Ognjen"]
[Black "Susak, Zeljko"]
[Result "1-0"]
[WhiteElo "2543"]
[BlackElo "2242"]
[PlyCount "71"]
[EventDate "2007.11.25"]
[EventType "swiss"]
[EventRounds "9"]
[EventCountry "CRO"]
[Source "lmi"]
[SourceDate "2007.11.25"]

1. d4 Nf6 2. Nf3 e6 3. g3 b6 4. Bg2 Bb7 5. c4 Be7 6. Nc3 Ne4 7. Bd2 O-O 8. d5
f5 9. Qc2 Na6 10. Nxe4 fxe4 11. Qxe4 Nc5 12. Qc2 exd5 13. cxd5 Bxd5 14. Ng5
Bxg5 15. Bxd5+ Ne6 16. Bxg5 Qxg5 17. Bxa8 Rxa8 18. O-O c5 19. Qe4 Rf8 20. Rad1
Nd4 21. Rxd4 cxd4 22. Qxd4 Qe7 23. e3 Qf7 24. b3 h6 25. e4 Kh8 26. Rc1 d6 27.
Rc6 Kh7 28. Rxd6 Rc8 29. Rd7 Qg6 30. Rxa7 Re8 31. Rb7 b5 32. h4 Re6 33. Kg2 Qg4
34. Rxb5 Rg6 35. h5 Rf6 36. Qd3 1-0

[Event "Open Mediterranean 2013"]
[Site "Rijeka (CRO)"]
[Date "2007.11.26"]
[Round "2.9"]
[White "Kekic, Armin"]
[Black "Saric, Ibro"]
[Result "0-1"]
[WhiteElo "2237"]
[BlackElo "2541"]
[PlyCount "128"]
[EventDate "2007.11.25"]
[EventType "swiss"]
[EventRounds "9"]
[EventCountry "CRO"]
[Source "lmi"]
[SourceDate "2007.11.25"]

1. e4 c5 2. Nf3 e6 3. d4 cxd4 4. Nxd4 a6 5. Bd3 Nf6 6. O-O d6 7. c4 b6 8. Nc3
Bb7 9. b3 g6 10. Bb2 Bg7 11. Re1 O-O 12. Qd2 Nbd7 13. Rad1 Qc7 14. Bf1 Rad8 15.
f3 Nh5 16. Qf2 Be5 17. g3 Bg7 18. Bg2 Nc5 19. Qe2 Rfe8 20. Nc2 Qb8 21. b4 Nd7
22. Ne3 Rc8 23. Rc1 Ne5 24. a3 Ba8 25. f4 Nc6 26. Ncd1 Nf6 27. Nf2 e5 28. Nd5
Nd4 29. Bxd4 exd4 30. Qd3 b5 31. Nxf6+ Bxf6 32. c5 dxc5 33. bxc5 Red8 34. e5
Be7 35. Bxa8 Qxa8 36. Ne4 Qa7 37. Rc2 Rc6 38. Rec1 Rd5 39. h4 Qd7 40. Nd6 Qe6
41. Kh2 Bf8 42. a4 bxa4 43. Rc4 a3 44. Ne4 Be7 45. Rxd4 Rxd4 46. Qxd4 a2 47.
Qb2 Qd5 48. Nc3 Qd4 49. Rd1 Qxc5 50. Nxa2 Qc2+ 51. Rd2 Qxb2 52. Rxb2 a5 53. Kg2
a4 54. Kf3 a3 55. Rd2 Rb6 56. f5 Rb3+ 57. Kf4 gxf5 58. Rg2 Rb2 59. Rxb2 axb2
60. Nc3 Bb4 61. Nb1 Be1 62. h5 Kg7 63. g4 fxg4 64. Kxg4 Kh6 0-1

[Event "Open Mediterranean 2013"]
[Site "Rijeka (CRO)"]
[Date "2007.11.26"]
[Round "2.10"]
[White "Sulava, Nenad"]
[Black "Savic, Miroslav"]
[Result "0-1"]
[WhiteElo "2521"]
[BlackElo "2237"]
[PlyCount "104"]
[EventDate "2007.11.25"]
[EventType "swiss"]
[EventRounds "9"]
[EventCountry "CRO"]
[Source "lmi"]
[SourceDate "2007.11.25"]

1. Nf3 d5 2. d4 Nf6 3. c4 c6 4. cxd5 cxd5 5. Nc3 Nc6 6. Bf4 e6 7. e3 Bd6 8. Bg3
Ne4 9. Nxe4 dxe4 10. Nd2 f5 11. Bb5 O-O 12. O-O Ne7 13. Rc1 Kh8 14. Qb3 Bxg3
15. hxg3 e5 16. dxe5 a6 17. Rfd1 axb5 18. Nxe4 Qe8 19. Nd6 Qg6 20. Qxb5 Qe6 21.
Rc7 Nc6 22. f4 Ra5 23. Qb6 Ra6 24. Qb3 Qxb3 25. axb3 Be6 26. Rxb7 Na5 27. Re7
Bxb3 28. Rc1 Nc6 29. Rc7 Nb4 30. Kh2 Be6 31. Re7 Bg8 32. Rec7 Nd5 33. Rc8 Ra8
34. Rxa8 Rxa8 35. Nxf5 g6 36. Nh6 Nxe3 37. g4 Be6 38. g5 Ng4+ 39. Kg3 Nxh6 40.
gxh6 Rb8 41. Rc2 Kg8 42. Kh4 Rf8 43. Rf2 Rf5 44. g4 g5+ 45. Kg3 gxf4+ 46. Rxf4
Rxe5 47. b4 Re2 48. Kh4 Re5 49. Kg3 Bf7 50. Rd4 Bg6 51. Kf4 Rb5 52. Rc4 Kf7 0-1

[Event "Open Mediterranean 2013"]
[Site "Rijeka (CRO)"]
[Date "2007.11.26"]
[Round "2.11"]
[White "Cucancic, Sinisa"]
[Black "Jovanic, Ognjen"]
[Result "0-1"]
[WhiteElo "2232"]
[BlackElo "2492"]
[PlyCount "126"]
[EventDate "2007.11.25"]
[EventType "swiss"]
[EventRounds "9"]
[EventCountry "CRO"]
[Source "lmi"]
[SourceDate "2007.11.25"]

1. e4 c5 2. b3 Nc6 3. Bb2 e6 4. Nf3 a6 5. g3 d5 6. exd5 exd5 7. Qe2+ Qe7 8.
Qxe7+ Ngxe7 9. Bg2 Bf5 10. O-O f6 11. d4 Nb4 12. Na3 Nec6 13. c4 Be4 14. cxd5
Bxd5 15. Nc4 Rd8 16. Rfd1 Kf7 17. Nb6 Bxf3 18. Bxf3 cxd4 19. a3 Nc2 20. Rac1
Nxa3 21. Bd5+ Rxd5 22. Nxd5 Nb5 23. Nf4 Bd6 24. Ne2 Be5 25. f4 Bb8 26. Kg2 Ba7
27. Rd2 Re8 28. Rcd1 Bb6 29. Nc1 Nb4 30. Re2 Rd8 31. Nd3 Nd5 32. Rc1 Ne3+ 33.
Kf3 Nd5 34. Rc4 Ndc3 35. Re1 Nd6 36. Rb4 Ncb5 37. Ra4 h5 38. Rc1 g6 39. Re1 f5
40. Ne5+ Kf6 41. Nc4 Ba7 42. Nxd6 Rxd6 43. Rd1 Re6 44. Rd3 Re1 45. Ra1 Re8 46.
Rc1 Kf7 47. Rc4 Ke6 48. Rc1 Kd5 49. Rc4 Bc5 50. Ra4 Re4 51. h3 h4 52. gxh4 Be7
53. Ra1 Bxh4 54. Rg1 Re6 55. Rgd1 Bf6 56. Rg1 Be7 57. Rgd1 Bc5 58. Rg1 a5 59.
h4 b6 60. h5 gxh5 61. Rg5 Nd6 62. Rxh5 Re1 63. Rh2 Ne4 0-1

[Event "Open Mediterranean 2013"]
[Site "Rijeka (CRO)"]
[Date "2007.11.26"]
[Round "2.12"]
[White "Plenca, Julijan"]
[Black "Fercec, Nenad"]
[Result "0-1"]
[WhiteElo "2221"]
[BlackElo "2487"]
[PlyCount "90"]
[EventDate "2007.11.25"]
[EventType "swiss"]
[EventRounds "9"]
[EventCountry "CRO"]
[Source "lmi"]
[SourceDate "2007.11.25"]

1. e4 c5 2. Nf3 d6 3. c3 Nf6 4. Be2 Nbd7 5. Qc2 Qc7 6. O-O g6 7. d4 cxd4 8.
Nxd4 a6 9. Be3 Bg7 10. c4 e5 11. Nb3 d5 12. exd5 Nxd5 13. Bd2 O-O 14. Na3 Nf4
15. Bb4 Re8 16. Rad1 Qc6 17. Bf3 e4 18. Rfe1 Nf6 19. Rd6 Qa4 20. Qd2 exf3 21.
Rxe8+ Nxe8 22. Nc5 Qxb4 23. Qxb4 Nxd6 24. Qd2 Ne2+ 25. Kf1 Nd4 26. Nb3 fxg2+
27. Kxg2 N6f5 28. Nxd4 Nxd4 29. Nb1 Bg4 30. Nc3 Bf3+ 31. Kf1 Re8 32. Nd5 Be2+
33. Kg2 Bxc4 34. Ne3 Bxa2 35. Qb4 b5 36. Qa5 Be6 37. Qxa6 h5 38. h3 b4 39. Qa4
Rb8 40. Qa7 Rf8 41. Qa5 b3 42. Nd5 Bxd5+ 43. Qxd5 Rc8 44. Qe4 Rc2 45. Qe8+ Kh7
0-1

[Event "Open Mediterranean 2013"]
[Site "Rijeka (CRO)"]
[Date "2007.11.26"]
[Round "2.13"]
[White "Sebenik, Matej"]
[Black "Ribicic, Mate"]
[Result "1-0"]
[WhiteElo "2484"]
[BlackElo "2225"]
[PlyCount "25"]
[EventDate "2007.11.25"]
[EventType "swiss"]
[EventRounds "9"]
[EventCountry "CRO"]
[Source "lmi"]
[SourceDate "2007.11.25"]

1. d4 Nf6 2. c4 g6 3. g3 Bg7 4. Bg2 O-O 5. Nc3 d6 6. Nf3 Nc6 7. O-O Rb8 8. Bg5
a6 9. Qc1 Bf5 10. Bh6 Ne4 11. Bxg7 Kxg7 12. d5 Na7 13. g4 1-0

[Event "Open Mediterranean 2013"]
[Site "Rijeka (CRO)"]
[Date "2007.11.26"]
[Round "2.14"]
[White "Levar, Nenad"]
[Black "Skoberne, Jure"]
[Result "1/2-1/2"]
[WhiteElo "2181"]
[BlackElo "2484"]
[PlyCount "123"]
[EventDate "2007.11.25"]
[EventType "swiss"]
[EventRounds "9"]
[EventCountry "CRO"]
[Source "lmi"]
[SourceDate "2007.11.25"]

1. Nf3 Nf6 2. c4 g6 3. g3 Bg7 4. Bg2 O-O 5. O-O c5 6. Nc3 Nc6 7. d4 d6 8. dxc5
dxc5 9. Be3 Be6 10. Qa4 Nd4 11. Ng5 Bd7 12. Qd1 Bc6 13. Bxc6 bxc6 14. Rc1 e5
15. Nf3 Nd7 16. Qd2 f5 17. Bh6 Bxh6 18. Qxh6 e4 19. Ng5 Qe7 20. Kg2 Ne5 21. h3
Rad8 22. b3 a5 23. Rfe1 Nd7 24. f4 Nf6 25. e3 Nf3 26. Red1 Rxd1 27. Rxd1 Nxg5
28. Qxg5 Rd8 29. g4 Rd3 30. Rxd3 exd3 31. gxf5 d2 32. fxg6 h6 33. Qf5 Ne4 34.
Qf7+ Qxf7 35. gxf7+ Kxf7 36. Nd1 Ke6 37. Kf3 Kf5 38. Ke2 h5 39. Kd3 h4 40. a3
Ng3 41. a4 Ne4 42. Ke2 Ng3+ 43. Kf3 Ne4 44. Ke2 Ng3+ 45. Kxd2 Ke4 46. Ke1 Kf3
47. Kd2 Kg2 48. Kd3 Kxh3 49. e4 Kg4 50. f5 Kf3 51. f6 Nh5 52. e5 h3 53. f7 Nf4+
54. Kd2 Ne6 55. Ke1 h2 56. Nf2 Kf4 57. Ke2 Kg3 58. Nh1+ Kg2 59. Nf2 Nd4+ 60.
Ke3 Ne6 61. Ke2 Kg3 62. Ke3 1/2-1/2

[Event "Open Mediterranean 2013"]
[Site "Rijeka (CRO)"]
[Date "2007.11.26"]
[Round "2.16"]
[White "Solic, Kristina"]
[Black "Zufic, Miroslav"]
[Result "0-1"]
[WhiteElo "2148"]
[BlackElo "2452"]
[PlyCount "58"]
[EventDate "2007.11.25"]
[EventType "swiss"]
[EventRounds "9"]
[EventCountry "CRO"]
[Source "lmi"]
[SourceDate "2007.11.25"]

1. e4 c5 2. Nf3 d6 3. d4 cxd4 4. Nxd4 Nf6 5. Nc3 a6 6. Bc4 e6 7. a3 Be7 8. O-O
Qc7 9. Ba2 Nc6 10. Be3 Ne5 11. Qe2 b5 12. Rad1 Rb8 13. f4 Nc4 14. Bc1 O-O 15.
Bxc4 bxc4 16. f5 Bd7 17. Kh1 h6 18. Qf3 Qb7 19. Qg3 Kh7 20. Rfe1 e5 21. Nf3 Bc6
22. Nd2 Rbd8 23. Nxc4 Nxe4 24. Nxe4 Bxe4 25. f6 gxf6 26. Qh3 Rh8 27. Re3 Bg6
28. Qxh6+ Kg8 29. Rb3 Qe4 0-1

[Event "Open Mediterranean 2013"]
[Site "Rijeka (CRO)"]
[Date "2007.11.26"]
[Round "2.17"]
[White "Saric, Ante"]
[Black "Sikanjic, Bojan"]
[Result "1-0"]
[WhiteElo "2441"]
[BlackElo "2205"]
[PlyCount "71"]
[EventDate "2007.11.25"]
[EventType "swiss"]
[EventRounds "9"]
[EventCountry "CRO"]
[Source "lmi"]
[SourceDate "2007.11.25"]

1. d4 Nf6 2. c4 c5 3. d5 b5 4. cxb5 a6 5. bxa6 Bxa6 6. Nc3 g6 7. Nf3 Bg7 8. g3
O-O 9. Bg2 d6 10. O-O Nbd7 11. Rb1 Qb6 12. Qc2 Rab8 13. Rd1 Rfc8 14. h3 Ne8 15.
Bg5 Kf8 16. Qd2 Bh8 17. Qe3 Qd8 18. h4 Nef6 19. Bh6+ Kg8 20. Bh3 Bg7 21. Bxg7
Kxg7 22. Ng5 Rc7 23. Be6 Ne5 24. Bxf7 Bc8 25. Be6 h6 26. Nge4 Bxe6 27. dxe6
Neg4 28. Qf3 Rcb7 29. Nxc5 Rxb2 30. Rxb2 Rxb2 31. Nd3 Rc2 32. Nb4 Rb2 33. Ncd5
Qa5 34. a3 Qc5 35. Nxf6 Nxf6 36. Nd3 1-0

[Event "Open Mediterranean 2013"]
[Site "Rijeka (CRO)"]
[Date "2007.11.26"]
[Round "2.21"]
[White "Bellia, Fabrizio"]
[Black "Tomljanovic, Goran"]
[Result "1-0"]
[WhiteElo "2392"]
[BlackElo "2127"]
[PlyCount "45"]
[EventDate "2007.11.25"]
[EventType "swiss"]
[EventRounds "9"]
[EventCountry "CRO"]
[Source "lmi"]
[SourceDate "2007.11.25"]

1. e4 g6 2. d4 Bg7 3. f4 d6 4. Nf3 Nd7 5. Bd3 e5 6. c3 Ne7 7. O-O O-O 8. Na3 c6
9. dxe5 dxe5 10. Nc4 exf4 11. Bxf4 Nc5 12. Bc2 Be6 13. Nd6 Qb6 14. Be3 Qxb2 15.
Bxc5 Bxc3 16. Rb1 Qxa2 17. Nxb7 Rfe8 18. Ng5 Bc4 19. Bb3 Bxb3 20. Rxb3 Bg7 21.
Nxf7 Rf8 22. Rbf3 Rfb8 23. Nfd8 1-0

[Event "Open Mediterranean 2013"]
[Site "Rijeka (CRO)"]
[Date "2007.11.26"]
[Round "2.23"]
[White "Lanzani, Mario"]
[Black "Padjen, Zdenko"]
[Result "1/2-1/2"]
[WhiteElo "2345"]
[BlackElo "2124"]
[PlyCount "22"]
[EventDate "2007.11.25"]
[EventType "swiss"]
[EventRounds "9"]
[EventCountry "CRO"]
[Source "lmi"]
[SourceDate "2007.11.25"]

1. d4 f5 2. g3 Nf6 3. Bg2 g6 4. Nf3 Bg7 5. O-O O-O 6. c3 d5 7. Nbd2 c5 8. Ne5
cxd4 9. cxd4 Nc6 10. Ndf3 Ne4 11. Qb3 Nxd4 1/2-1/2

[Event "Open Mediterranean 2013"]
[Site "Rijeka (CRO)"]
[Date "2007.11.26"]
[Round "2.24"]
[White "Relja, Marin"]
[Black "Sudakova, Irina"]
[Result "0-1"]
[WhiteElo "2044"]
[BlackElo "2326"]
[PlyCount "92"]
[EventDate "2007.11.25"]
[EventType "swiss"]
[EventRounds "9"]
[EventCountry "CRO"]
[Source "lmi"]
[SourceDate "2007.11.25"]

1. f4 d5 2. Nf3 Nf6 3. g3 c5 4. Bg2 Nc6 5. d3 Qc7 6. Na3 a6 7. c3 e6 8. O-O Bd6
9. Qe1 b5 10. e4 dxe4 11. dxe4 e5 12. f5 Bb7 13. Bg5 Nd7 14. Rd1 f6 15. Bc1 c4
16. Nc2 Nc5 17. Qe2 O-O-O 18. g4 Rd7 19. Nfe1 Rhd8 20. Ne3 Ne7 21. Qc2 Na4 22.
Kh1 Qc6 23. Bf3 Bc7 24. N1g2 Nc5 25. Rxd7 Rxd7 26. b3 Nd3 27. bxc4 bxc4 28. Ba3
Bd6 29. Bxd6 Rxd6 30. Rb1 Kb8 31. a4 Qc5 32. Qa2 Rb6 33. Rxb6 Qxb6 34. h3 Qb3
35. Qd2 Nc8 36. Nd5 Qxa4 37. g5 Bxd5 38. exd5 e4 39. Bxe4 Qd1+ 40. Qxd1 Nf2+
41. Kg1 Nxd1 42. gxf6 gxf6 43. Bc2 Nxc3 44. Ne3 Nd6 45. Ng4 Nxd5 46. Kf2 Kc7
0-1

[Event "Open Mediterranean 2013"]
[Site "Rijeka (CRO)"]
[Date "2007.11.26"]
[Round "2.25"]
[White "Fucak, Emilijo"]
[Black "Ramesa, Davor"]
[Result "0-1"]
[WhiteElo "2296"]
[BlackElo "2308"]
[PlyCount "84"]
[EventDate "2007.11.25"]
[EventType "swiss"]
[EventRounds "9"]
[EventCountry "CRO"]
[Source "lmi"]
[SourceDate "2007.11.25"]

1. c4 Nf6 2. d4 c6 3. Nf3 d5 4. e3 e6 5. Be2 Nbd7 6. O-O Bd6 7. b3 Qe7 8. Bb2
b6 9. Nbd2 O-O 10. Ne5 Bb7 11. Nxd7 Qxd7 12. Rc1 Qe7 13. Qc2 Rfd8 14. Rfd1 Rac8
15. Bd3 h6 16. cxd5 Nxd5 17. Bh7+ Kh8 18. Be4 Nf6 19. Bf3 c5 20. Bxb7 Qxb7 21.
Nc4 Be7 22. dxc5 Rxc5 23. Bd4 Rcd5 24. a4 Kg8 25. g3 Nh7 26. f4 Bf6 27. Be5 Qd7
28. Rxd5 Qxd5 29. e4 Qc5+ 30. Kg2 Bxe5 31. Nxe5 Qe3 32. Kh3 Nf6 33. Qc7 Rf8 34.
Rd1 Qe2 35. Rd8 Rxd8 36. Qxd8+ Kh7 37. Nd7 Qf1+ 38. Kh4 g5+ 39. fxg5 hxg5+ 40.
Kxg5 Nxe4+ 41. Kh4 Qf5 42. Qb8 Nf2 0-1

[Event "Open Mediterranean 2013"]
[Site "Rijeka (CRO)"]
[Date "2007.11.26"]
[Round "2.26"]
[White "Juranic, Bruno"]
[Black "Schuurman, Petra"]
[Result "0-1"]
[WhiteElo "2120"]
[BlackElo "2281"]
[PlyCount "64"]
[EventDate "2007.11.25"]
[EventType "swiss"]
[EventRounds "9"]
[EventCountry "CRO"]
[Source "lmi"]
[SourceDate "2007.11.25"]

1. e4 c6 2. d4 d5 3. e5 Bf5 4. Ne2 e6 5. Ng3 Bg6 6. h4 h5 7. Be2 c5 8. c3 Nc6
9. Be3 Qb6 10. b3 cxd4 11. Bxd4 Nxd4 12. Qxd4 Qxd4 13. cxd4 Bb4+ 14. Kd1 Rc8
15. Nd2 Ne7 16. Bb5+ Kd8 17. Rc1 Rxc1+ 18. Kxc1 a6 19. Be2 Kd7 20. Nf3 Rc8+ 21.
Kd1 Rc2 22. a4 Ra2 23. Bf1 Nc6 24. Rh3 Bc2+ 25. Ke2 Bf5+ 26. Ke3 Bxh3 27. gxh3
g6 28. Bd3 Rb2 29. Ne2 Rxb3 30. Nc1 Ra3 31. Kf4 Nxd4 32. Nxd4 Bd2+ 0-1

[Event "Open Mediterranean 2013"]
[Site "Rijeka (CRO)"]
[Date "2007.11.26"]
[Round "2.28"]
[White "Sutkovic, Damir"]
[Black "Stubljar, Andrej"]
[Result "0-1"]
[WhiteElo "2318"]
[BlackElo "2040"]
[PlyCount "32"]
[EventDate "2007.11.25"]
[EventType "swiss"]
[EventRounds "9"]
[EventCountry "CRO"]
[Source "lmi"]
[SourceDate "2007.11.25"]

1. d4 d5 2. c4 dxc4 3. Nf3 Nf6 4. e3 a6 5. a4 Bg4 6. Bxc4 e6 7. Nc3 Nc6 8. O-O
Bd6 9. h3 Bh5 10. Be2 O-O 11. e4 Bxf3 12. Bxf3 Nxd4 13. e5 Nxf3+ 14. Qxf3 Bxe5
15. Qxb7 Qd3 16. Qc6 Bh2+ 0-1